000 00464 a2200181 4500
001 130235
022 _a1679-656X
040 _cLeonardo Da Vinci
041 _aInglês
082 _aTFT 2010
_b2010
245 _aThe Futurist 29
260 _bWorld Future Society
_cJan. / Fev. 1995
_aNew York
300 _a68
362 _a20100524
490 _aThe Futurist
_v29
697 _aCartas
_aFuturo
_aLivros
_aSociedade
_aRecursos
_aEducação
_aGhemat
942 _cCR
999 _c130235
_d130235